000 00355 a2200073 4500
245 0 _aCCITT Plenary Assembly (Yellow Book) Geneva, 1980 :
_bSpecifications of Signalling Systems Nos.4 and 5, Recommendations Q.120-Q.180 (Study Group XI) /
_c.
_nVol.VI-2
710 2 _aInternational Telecommunication Union.
_eWydawca
_4pbl
260 _aGeneva :
_bITU,
_c1981.
300 _aVI, 110 s.;
_c30 cm.
999 _c13961
_d13961